000 00374cam a22001337a 4500
008 180718b1958 xxu||||| |||| 00| 0 eng d
082 _aM697
100 _aMitra, Jitendra Kumar
245 _aEconomics: an introduction to its basic principles
_cby Jitendra Kumar Mitra
260 _aCalcutta
_bWorld Press
_c1958
300 _a503p.
650 _aAPPPA
650 _aEconomics
999 _c374147
_d374147